000 00720nam a22002175i 4500
001 176193
003 ES-MaACL
005 20230906220021.0
008 101222s1968 sp o |||| | cat d
080 _a908(460.23)
100 1 _aVallverdú, Josep.
_9112965
245 1 3 _aLa Segarra, El Segrià, La Noguera, La Llitera, El Baix Cinca /
_cJosep Vallverdú, Ton Sirera.
260 _aBarcelona :
_bTàber,
_cD. L. 1968.
300 _a212, [35] p. :
_bfot. bl. y n. ;
_c24 cm.
490 1 _aCatalunya Visió ;
_v1
651 4 _aCataluña-
_xDescripción.
_98009
700 1 _aSirera, Ton.
_9144487
830 0 _aCatalunya Visió ;
_v1
_9189971
852 _aES-MaACL
_jE-13870
_xOlim P-1321
999 _c176193
_d176193